000 00661nam a2200253Ia 4500
003 OSt
005 20221007110130.0
006 a|||||r|||| 00| 0
007 ta
008 221006b |||||||| |||| 00| 0 eng d
024 _a20,441
037 _cTextual
040 _aLCO
_cLCO
_beng
041 _2eng
_aeng
082 _aZ1,8, K3
100 _aRosenne Shabtai
_9469643
245 0 _aWorld Court
_b What it is and How it Works
250 _a2nd
260 _aNew
_bYork Ocean Publication USA
_c1963
300 _a230
650 _aWORLD COURT
_9701825
942 _hZ1,8, K3
_cTEXL
999 _c1190004
_d1190004